000 00869 a2200253 4500
005 20180312141942.0
008 131001s2002 sp a ar|||| 00| 0 spa d
020 _a8434861909
040 _aCO-BoUCM
_bspa
_cJose A. Gerena
_dDiana Londoño
041 0 0 _aspa
100 1 _aVelthuijs, Max
_946945
245 1 3 _aEl cocodrilo pintor
_cMax Velthuijs ; traducción de Paz Barroso
250 _a6a Ed
260 _c2002
_bSM
_aMadrid (España)
300 _a30 páginas
_bilustraciones a color
490 _aLos piratas
_aEl barco de vapor
_v6
650 7 _939826
_aLiteratura infantil holandesa
650 7 _99115
_aAnimales en la literatura
690 _942863
_aLiteratura europea
700 1 _aBarroso, Paz
_etraductor
_946946
765 1 _tCocodrile's masterpiece
942 _a18
_cLIBRO
_e6
_mV445c
_2DEWEY
_h838.3164
_n0
999 _c181719
_d181719